00373pab a2200133 454500008004000000100001600040245010200056260000900158300001200167362000800179650001800187650001000205773002400215180718b2010 xxu||||| |||| 00| 0 eng d aSunil Kumar aBanking sector reforms and outreach of scheduled commercial banks in the Northern region in India c2010 ap.1-16. aMar aBanks - India aBanks aMan and Development